000 00342 a2200109 4500
001 ART_41524
005 20260410162023.0
008 260409a
245 1 0 _aLos bienes intangibles en la ley 24.522
100 1 _aCelano, Juan Carlos
773 0 _tRevista de las sociedades y concursos
_g- NÂș 28 (mayo/jun. 2004)
_wREV41519
999 _c33303
_d33303